| 000 | 00421nam a2200181Ia 4500 | ||
|---|---|---|---|
| 001 | 24838 | ||
| 005 | 20260414151110.0 | ||
| 008 | 260414t2012||||xx |||||||||||||| ||spa|| | ||
| 041 | _aESP | ||
| 082 |
_a346 _bD296 |
||
| 100 |
_aDworkin, Ronald _eAUT |
||
| 245 | 0 |
_aUna cuestión de principios _b |
|
| 260 | _c2012 | ||
| 300 |
_a493 páginas : _c23 cm. |
||
| 650 | _aDER | ||
| 654 | _aCDE | ||
| 942 |
_cLIB _dJUS _fJUS _2ddc _n |
||
| 999 |
_c24838 _d24838 |
||